| 000 | 00923nam a22002537a 4500 | ||
|---|---|---|---|
| 005 | 20170123162354.0 | ||
| 010 | _aA-412073 | ||
| 020 | _c100.00 | ||
| 035 | _aA-412073 | ||
| 037 | _bCen Lib/Ret | ||
| 040 |
_aDPL _bUR |
||
| 082 |
_a842 _bا ے ب |
||
| 100 |
_aاشرف، اے. بی _9831 |
||
| 245 |
_a: ا ردو اسٹیج ڈراما _cاے. بی اشرف _b/ رادھا کنہیا سے انارکلی تک اردو ڈرامے کی مکممل تاریخ |
||
| 246 |
_aUrdu stage drama: Radha kanhaiya se Anarkali tak urdu stage drame ki mukammal tarikh / _bby A. B. Ashraf |
||
| 260 |
_aدہلی _bشان ھند _c1990 |
||
| 270 |
_bدہلی _aحوض قاضی |
||
| 300 |
_a230p. _c19cm(Hb) |
||
| 650 |
_aاردوادب _9138384 |
||
| 650 |
_aاردو ڈرامے _9138385 |
||
| 650 |
_aUrdu literature _9138386 |
||
| 650 |
_aUrdu drama _9138387 |
||
| 942 |
_2ddc _cUR _h842 _mا ے ب |
||
| 999 |
_c109501 _d109501 |
||